Television Quiz

Random Television or NFL Quiz

Highest Rated TV shows 11/11 -11/17 Quiz Stats

 Plays Quiz not verified by Sporcle

Challenge
Share
Tweet
Embed
Score 0/15 Timer 03:00
0 Plays Today
Channel Answer % Correct
CBSThe Big Bang Theory
80.9%
NBCVOICE
64.9%
NBCVoice - TUE
64.9%
CBSNCIS
63.8%
NBCSunday Night Football
61.7%
CBSHow I Met Your Mother
60.6%
ABCModern Family
53.2%
FOXThe OT
47.9%
Channel Answer % Correct
NBCFootball NT America PT 3
46.8%
NBCBlacklist
38.3%
ABCScandal
37.2%
CBS2 Broke Girls
35.1%
CBSCriminal Minds
27.7%
CBSThe Millers
26.6%
FOXAlmost Human
14.9%

You're not logged in!

Compare scores with friends on all Sporcle quizzes.
OR
Log In

You Might Also Like...

Show Comments

Extras

Top Quizzes Today


Score Distribution

Your Account Isn't Verified!

In order to create a playlist on Sporcle, you need to verify the email address you used during registration. Go to your Sporcle Settings to finish the process.

Report this User

Report this user for behavior that violates our Community Guidelines.

Details: